00438nam a22001217a 4500020001600000082001200016100001700028245014600045260003700191300002600228650003700254700002500291 qHard Cover. a620.005 aNasir, Sara  aFormation of Cyber Secure Ecosystem by Establishing Framework for National Computer Emergency Response Team PK-CERT in Pakistan /cSara Nasir aIslamabad :bCEME - NUST,c2014. a56 p. : ill. ;c30cm. aEngineering Management-MS-Thesis aDr. Shoab Ahmed Khan